[Event "Titled Tuesday intern op 20th Sep Late"]
[Site "Chess.com INT"]
[Date "2022.09.20"]
[Round "3"]
[White "Remolar Gallen, Jose"]
[Black "Goldovsky, Roman"]
[Result "1-0"]
[WhiteElo "2305"]
[BlackElo "1831"]
[PlyCount "153"]
[EventDate "2022.09.20"]
[EventType "swiss (blitz)"]
[EventRounds "11"]
[EventCountry "USA"]
[SourceTitle "EXT 2023"]
[Source "ChessBase"]
[SourceDate "2022.10.05"]
[SourceVersion "1"]
[SourceVersionDate "2022.10.05"]
[SourceQuality "1"]

1. e4 c5 2. Nf3 d6 3. d4 cxd4 4. Nxd4 Nf6 5. Nc3 g6 6. Be3 Bg7 7. f3 0-0 8. Qd2 Nc6 9. 0-0-0 Bd7 10. Kb1 Ne5 11. h4 Rc8 12. h5 Qa5 13. Nb3 Qc7 14. hxg6 fxg6 15. Bh6 Bxh6 16. Qxh6 Rf7 17. Be2 b5 18. Nd4 b4 19. Nd5 Nxd5 20. exd5 Nc4 21. Bd3 Rg7 22. Rh4 Ne5 23. Qd2 Nxd3 24. Qxd3 Qc5 25. Nb3 Qb6 26. Qd2 Bf5 27. Rc1 a5 28. Nd4 Bd7 29. Re4 a4 30. Qe3 Rc4 31. Ne6 Qxe3 32. Rxe3 Bxe6 33. Rxe6 Rd4 34. Rce1 Rxd5 35. Kc1 Kf8 36. R1e4 Rb5 37. Rc4 Rf7 38. Rc7 b3 39. axb3 axb3 40. c4 Ra5 41. Kd2 Ra2 42. Kc3 Ra1 43. Kxb3 Rg1 44. Re2 h5 45. Ka4 Rb1 46. b4 Rf4 47. b5 Ra1+ 48. Kb4 Rb1+ 49. Ka5 Ra1+ 50. Kb6 Rf7 51. Kc6 Rc1 52. Re4 Rc2 53. b6 Rxg2 54. b7 Rb2 55. Rc8+ Kg7 56. b8Q Rxb8 57. Rxb8 g5 58. Rb1 h4 59. Rg1 Kf6 60. Reg4 Rg7 61. f4 h3 62. fxg5+ Kg6 63. Rh4 Rf7 64. Rxh3 Rf4 65. Rh6+ Kg7 66. Re6 Rxc4+ 67. Kd7 Rf4 68. Rxe7+ Kg6 69. Re6+ Kh5 70. g6 Rb4 71. g7 Rb7+ 72. Kxd6 Rb6+ 73. Ke7 Rb7+ 74. Kf6 Rxg7 75. Rxg7 Kh4 76. Re8 Kh3 77. Rh8# 1-0

[Event "Titled Tuesday intern op 14th Jun Late"]
[Site "Chess.com INT"]
[Date "2022.06.14"]
[Round "2"]
[White "Goldovsky, Roman"]
[Black "Malka, Samuel"]
[Result "0-1"]
[WhiteElo "1814"]
[BlackElo "2223"]
[PlyCount "152"]
[EventDate "2022.06.14"]
[EventType "swiss (blitz)"]
[EventRounds "11"]
[EventCountry "USA"]
[SourceTitle "EXT 2023"]
[Source "ChessBase"]
[SourceDate "2022.10.05"]
[SourceVersion "1"]
[SourceVersionDate "2022.10.05"]
[SourceQuality "1"]

1. e4 e5 2. Nf3 Nc6 3. d4 exd4 4. Bc4 Nf6 5. e5 Ne4 6. 0-0 d5 7. Bb5 Bc5 8. Bxc6+ bxc6 9. Nxd4 Ba6 10. Re1 Nxf2 11. Qd2 Ne4 12. Qe3 0-0 13. Nd2 f6 14. exf6 Qxf6 15. c3 Rae8 16. N2f3 Bb6 17. Bd2 Nd6 18. Qg5 Ne4 19. Qxf6 Rxf6 20. Bg5 Rg6 21. Bh4 Rf8 22. Kh1 Rg4 23. Be7 Re8 24. Nf5 Bd3 25. h3 Nf2+ 26. Kh2 Rf4 27. N3d4 Ne4 28. Ba3 g6 29. Ng3 Bxd4 30. cxd4 Rf2 31. Nxe4 Bxe4 32. Rg1 Ref8 33. Bxf8 Kxf8 34. Raf1 Rxf1 35. Rxf1+ Ke7 36. Kg3 Kd6 37. Rc1 h6 38. Kf2 g5 39. g4 a6 40. Kg3 Bd3 41. b4 Bc4 42. a3 Bd3 43. h4 Be4 44. hxg5 hxg5 45. Rf1 Ke6 46. Rf8 Kd7 47. Rg8 c5 48. dxc5 d4 49. Rxg5 d3 50. Re5 d2 51. Rxe4 d1Q 52. Rf4 Qd3+ 53. Rf3 Qg6 54. Kf4 Qf6+ 55. Kg3 Qe5+ 56. Kh4 Qh8+ 57. Kg3 Qe5+ 58. Kg2 a5 59. bxa5 Qxc5 60. Rf5 Qc2+ 61. Kg3 Qb3+ 62. Rf3 Qa4 63. g5 Qxa5 64. Kg4 Qa4+ 65. Rf4 Qd1+ 66. Kf5 Qd5+ 67. Kg4 Qe6+ 68. Kh5 Qe2+ 69. Kh6 Qh2+ 70. Kg7 Qxf4 71. g6 Ke6 72. Kh7 Kf6 73. g7 Qh4+ 74. Kg8 Qg5 75. Kf8 Qxg7+ 76. Ke8 Qe7# 0-1

[Event "Titled Tuesday intern op 14th Jun Late"]
[Site "Chess.com INT"]
[Date "2022.06.14"]
[Round "1"]
[White "Isajevsky, Anton"]
[Black "Goldovsky, Roman"]
[Result "1-0"]
[WhiteElo "2403"]
[BlackElo "1814"]
[PlyCount "57"]
[EventDate "2022.06.14"]
[EventType "swiss (blitz)"]
[EventRounds "11"]
[EventCountry "USA"]
[SourceTitle "EXT 2023"]
[Source "ChessBase"]
[SourceDate "2022.10.05"]
[SourceVersion "1"]
[SourceVersionDate "2022.10.05"]
[SourceQuality "1"]

1. c4 g6 2. Nc3 Bg7 3. g3 d6 4. Bg2 e5 5. d3 f5 6. e3 Nf6 7. Nge2 c6 8. 0-0 0-0 9. b4 Be6 10. b5 Qc7 11. a4 Nbd7 12. Ba3 Rf7 13. Rc1 a6 14. bxc6 bxc6 15. Nd5 Bxd5 16. cxd5 c5 17. d4 exd4 18. exd4 Rc8 19. Nf4 Ne4 20. Ne6 Qa5 21. Nxg7 Rxg7 22. dxc5 Nexc5 23. Bb2 Re7 24. Qd4 Nf8 25. Qh8+ Kf7 26. Bf6 Re2 27. Bf3 Re4 28. Bxe4 fxe4 29. Qg7+ 1-0

[Event "Titled Tuesday intern op 14th Jun Late"]
[Site "Chess.com INT"]
[Date "2022.06.14"]
[Round "3"]
[White "Zhou, Qiyu"]
[Black "Goldovsky, Roman"]
[Result "1/2-1/2"]
[WhiteElo "2218"]
[BlackElo "1814"]
[PlyCount "82"]
[EventDate "2022.06.14"]
[EventType "swiss (blitz)"]
[EventRounds "11"]
[EventCountry "USA"]
[SourceTitle "EXT 2023"]
[Source "ChessBase"]
[SourceDate "2022.10.05"]
[SourceVersion "1"]
[SourceVersionDate "2022.10.05"]
[SourceQuality "1"]

1. e4 c5 2. Nf3 d6 3. d4 cxd4 4. Nxd4 Nf6 5. Nc3 g6 6. Be3 Bg7 7. f3 0-0 8. Qd2 Nc6 9. 0-0-0 Bd7 10. g4 Ne5 11. h4 Rc8 12. Kb1 Qa5 13. Bh6 Bxh6 14. Qxh6 Rxc3 15. bxc3 Qxc3 16. Qd2 Qa3 17. Qc1 Qa4 18. h5 b5 19. Ka1 Nc4 20. Bxc4 Qxc4 21. Nb3 Be6 22. hxg6 fxg6 23. Rh3 a5 24. Qb2 a4 25. Nd2 Qe2 26. Rhh1 Rc8 27. Rhe1 Qf2 28. e5 Nd5 29. exd6 Ne3 30. Rxe3 Qxe3 31. dxe7 Kf7 32. Ne4 Kxe7 33. Qg7+ Bf7 34. Qf6+ Kf8 35. Rd8+ Rxd8 36. Qxd8+ Kg7 37. Qf6+ Kf8 38. Qd8+ Kg7 39. Qf6+ Kf8 40. Qh8+ Bg8 41. Qf6+ Bf7 1/2-1/2